[Event "Faxe Dags op"]
[Site "Faxe"]
[Date "2017.05.24"]
[Round "7"]
[White "Skotte, Niels Peder"]
[Black "Nielsen, Kurt Sogaard"]
[Result "0-1"]
[WhiteElo "1487"]
[BlackElo "1806"]
[PlyCount "118"]
[EventDate "2017.04.05"]
[EventType "swiss"]
[EventRounds "7"]
[EventCountry "DEN"]
[SourceTitle "EXT 2021"]
[Source "ChessBase"]
[SourceDate "2020.10.23"]
[SourceVersion "1"]
[SourceVersionDate "2020.10.23"]
[SourceQuality "1"]

1. d4 Nf6 2. Nf3 e6 3. Bf4 d5 4. e3 Nbd7 5. Bd3 c5 6. c3 Qb6 7. Qb3 c4 8. Qxb6 Nxb6 9. Bc2 Be7 10. h3 0-0 11. Nbd2 Bd7 12. 0-0 Nh5 13. Bh2 f5 14. Ne5 Be8 15. Bd1 Nf6 16. f4 Nbd7 17. Nxd7 Nxd7 18. b3 b5 19. bxc4 bxc4 20. Ba4 Nb6 21. Bxe8 Rfxe8 22. a4 a5 23. Nf3 Nd7 24. Rfb1 Rab8 25. Rb5 Rxb5 26. axb5 Bd8 27. Ne5 Nxe5 28. fxe5 Bb6 29. Bg3 Rb8 30. Be1 Bd8 31. b6 Bxb6 32. Rb1 a4 33. Bd2 a3 34. Bc1 a2 35. Ra1 Ra8 36. Kf1 g5 37. g3 Bd8 38. Ke2 h5 39. Bb2 Kg7 40. Kf3 Be7 41. Kg2 Kg6 42. Kf3 g4+ 43. hxg4 fxg4+ 44. Kg2 Bg5 45. Kf2 h4 46. gxh4 Bxh4+ 47. Kg2 Be7 48. Kg3 Kg5 49. Bc1 Kf5 50. Bb2 Bg5 51. Bc1 Ke4 52. Kxg4 Bxe3 53. Bb2 Kd3 54. Rh1 Kc2 55. Ba1 Bc1 56. Rh2+ Kb1 57. Rh1 Kxa1 58. Rxc1+ Kb2 59. Rf1 Kxc3 0-1

[Event "Faxe Dags op"]
[Site "Faxe"]
[Date "2016.05.17"]
[Round "7"]
[White "Nielsen, Kurt Sogaard"]
[Black "Eckert, Svend"]
[Result "1-0"]
[WhiteElo "1794"]
[BlackElo "1732"]
[PlyCount "67"]
[EventDate "2016.03.30"]
[EventType "swiss"]
[EventRounds "7"]
[EventCountry "DEN"]
[SourceTitle "EXT 2021"]
[Source "ChessBase"]
[SourceDate "2020.10.23"]
[SourceVersion "1"]
[SourceVersionDate "2020.10.23"]
[SourceQuality "1"]

1. d4 Nf6 2. c4 g6 3. Nc3 Bg7 4. e4 d6 5. Nf3 0-0 6. Be2 Re8 7. 0-0 Nbd7 8. Bg5 c6 9. Qd2 e5 10. d5 Qc7 11. h3 Nc5 12. Qc2 a5 13. Nd2 Nh5 14. Bxh5 gxh5 15. Qd1 f6 16. Bh4 Qf7 17. f4 exf4 18. Rxf4 Nd3 19. Rf3 Ne5 20. Rf1 Qg6 21. Kh1 h6 22. Ne2 Bg4 23. hxg4 Qxg4 24. Rf4 Qg6 25. Qb3 c5 26. Raf1 Ng4 27. Qg3 Re5 28. Rf5 Rae8 29. Nf4 Qf7 30. Nxh5 Rxf5 31. Rxf5 Qg6 32. Bxf6 Bxf6 33. Rxf6 Qxe4 34. Nxe4 1-0

[Event "Faxe Dags op"]
[Site "Faxe"]
[Date "2016.04.13"]
[Round "3"]
[White "Andersen, Hans Poul"]
[Black "Nielsen, Kurt Sogaard"]
[Result "0-1"]
[WhiteElo "1494"]
[BlackElo "1794"]
[PlyCount "86"]
[EventDate "2016.03.30"]
[EventType "swiss"]
[EventRounds "7"]
[EventCountry "DEN"]
[SourceTitle "EXT 2021"]
[Source "ChessBase"]
[SourceDate "2020.10.23"]
[SourceVersion "1"]
[SourceVersionDate "2020.10.23"]
[SourceQuality "1"]

1. e4 c5 2. c4 Nc6 3. Nf3 d6 4. h3 Nf6 5. d3 g6 6. Nc3 Bg7 7. Bd2 0-0 8. a3 Nd7 9. Be2 Nde5 10. 0-0 Nd4 11. Nxd4 cxd4 12. Na2 Qb6 13. b3 f5 14. Bf4 fxe4 15. Bxe5 Bxe5 16. Nb4 exd3 17. Nxd3 Bg7 18. b4 e5 19. c5 dxc5 20. bxc5 Qc6 21. Rb1 e4 22. Qb3+ Kh8 23. Qb5 exd3 24. Bxd3 Qxb5 25. Rxb5 Rf7 26. f3 Re7 27. Be4 a6 28. Rb6 Be5 29. Rd1 Kg7 30. Kh1 Ra7 31. Rdb1 Rc7 32. Rc1 Bf4 33. Rc4 Be3 34. a4 Bd7 35. Rd6 Bc6 36. Re6 Kf7 37. Rd6 Ra8 38. Bd3 Re8 39. Rc2 Bxa4 40. Re2 Rxc5 41. Kh2 Bf4+ 42. g3 Rxe2+ 43. Bxe2 Bxd6 0-1

[Event "Faxe Eftermiddag-B"]
[Site "Faxe"]
[Date "2015.10.07"]
[Round "4"]
[White "Refsgaard, Kaj"]
[Black "Nielsen, Kurt Sogaard"]
[Result "0-1"]
[WhiteElo "1561"]
[BlackElo "1573"]
[PlyCount "138"]
[EventDate "2015.09.16"]
[EventType "tourn"]
[EventRounds "5"]
[EventCountry "DEN"]
[SourceTitle "EXT 2023"]
[Source "ChessBase"]
[SourceDate "2022.10.05"]
[SourceVersion "1"]
[SourceVersionDate "2022.10.05"]
[SourceQuality "1"]

1. d4 Nf6 2. Bg5 d5 3. Bxf6 gxf6 4. e3 Bf5 5. Nf3 Nd7 6. Nbd2 e5 7. c4 c6 8. cxd5 cxd5 9. Bb5 e4 10. Nh4 Be6 11. 0-0 f5 12. g3 Be7 13. Ng2 a6 14. Ba4 b5 15. Bb3 Nf6 16. Nf4 0-0 17. f3 Bd6 18. Nxe6 fxe6 19. fxe4 fxe4 20. Rf2 Ra7 21. Qe2 Rg7 22. Nf1 h5 23. Rc1 Qe8 24. Rg2 Ng4 25. h3 Nh6 26. Bd1 Rg5 27. h4 Rgf5 28. Bb3 Ng4 29. Nh2 Rf3 30. Nxg4 hxg4 31. Qe1 Qf7 32. Kh2 Qh7 33. Kg1 Qh6 34. Rc6 Rd8 35. Bd1 Qxe3+ 36. Qxe3 Rxe3 37. Bxg4 Bxg3 38. Bxe6+ Kf8 39. Rc1 Ke7 40. Bf5 Kf6 41. Rf1 Ke7 42. h5 Rh8 43. Bg6 Rf8 44. Rc2 Rxf1+ 45. Kxf1 Rf3+ 46. Kg2 Bd6 47. Rc6 a5 48. Rb6 b4 49. Ra6 Rd3 50. Rxa5 Rxd4 51. Ra7+ Kf6 52. Rf7+ Kg5 53. Rf5+ Kh6 54. Bf7 Rd2+ 55. Kf1 Be7 56. Bxd5 e3 57. Re5 Bg5 58. Bf7 Rf2+ 59. Ke1 Rxf7 60. Rb5 Rf4 61. a3 bxa3 62. bxa3 Ra4 63. Rb3 Kxh5 64. Ke2 Rd4 65. Rd3 Rc4 66. Rb3 Rc2+ 67. Kf3 Rf2+ 68. Ke4 e2 69. Rh3+ Kg4 0-1

[Event "Faxe Dags op"]
[Site "Faxe"]
[Date "2015.04.22"]
[Round "3"]
[White "Nielsen, Kurt Sogaard"]
[Black "Andersen, Hans Poul"]
[Result "1-0"]
[WhiteElo "1787"]
[BlackElo "1556"]
[PlyCount "95"]
[EventDate "2015.04.07"]
[EventType "swiss"]
[EventRounds "7"]
[EventCountry "DEN"]
[SourceTitle "EXT 2021"]
[Source "ChessBase"]
[SourceDate "2020.10.23"]
[SourceVersion "1"]
[SourceVersionDate "2020.10.23"]
[SourceQuality "1"]

1. d4 e6 2. Nf3 Be7 3. c4 d5 4. e3 Bd7 5. Bd3 dxc4 6. Bxc4 Bb4+ 7. Nc3 Bxc3+ 8. bxc3 a6 9. a4 Nc6 10. 0-0 Nf6 11. Ba3 h6 12. Qc2 b5 13. axb5 axb5 14. Bxb5 Na7 15. Bd3 Qc8 16. Bc5 Nc6 17. c4 Rxa1 18. Rxa1 Qb7 19. Rb1 Qa8 20. e4 Bc8 21. d5 Nd7 22. Be3 Nce5 23. Nxe5 Nxe5 24. Be2 0-0 25. f4 Nd7 26. dxe6 fxe6 27. c5 Nf6 28. e5 Nd5 29. Qe4 c6 30. Bd3 Rf5 31. Bd2 Qa7 32. Qd4 Rf8 33. Kh1 Bd7 34. Qe4 Qxc5 35. Qh7+ Kf7 36. Qg6+ Ke7 37. Qxg7+ Kd8 38. Qxh6 Kc7 39. Be4 Ra8 40. Qh4 Qd4 41. Qe1 Qa4 42. Bxd5 cxd5 43. h3 Bc6 44. Bb4 Qc2 45. Rc1 Qa2 46. Bd6+ Kd7 47. Qg3 Re8 48. Qg7+ 1-0

[Event "Faxe Eftermiddag-A"]
[Site "Faxe"]
[Date "2014.10.22"]
[Round "5"]
[White "Lindegaard, Helge"]
[Black "Nielsen, Kurt Sogaard"]
[Result "1-0"]
[WhiteElo "1627"]
[BlackElo "1621"]
[PlyCount "81"]
[EventDate "2014.09.17"]
[EventType "tourn"]
[EventRounds "5"]
[EventCountry "DEN"]
[SourceTitle "EXT 2023"]
[Source "ChessBase"]
[SourceDate "2022.10.05"]
[SourceVersion "1"]
[SourceVersionDate "2022.10.05"]
[SourceQuality "1"]

1. d4 Nf6 2. Nf3 g6 3. e3 Bg7 4. Bd3 d5 5. Nbd2 Nc6 6. c3 0-0 7. 0-0 a6 8. h3 Re8 9. c4 e5 10. dxe5 Nxe5 11. Nxe5 Rxe5 12. Nf3 Re8 13. Qc2 c6 14. Rd1 Be6 15. Rb1 Qe7 16. Bd2 Rad8 17. Ba5 Rb8 18. Nd4 dxc4 19. Bxc4 Bd5 20. Bxd5 Nxd5 21. Qc4 Rbc8 22. Qb3 Qc5 23. Be1 Qe7 24. Rbc1 Be5 25. Rc4 Bd6 26. Nf3 Bb8 27. a3 Qc7 28. Rxd5 Qe7 29. Qc3 Qe6 30. Rd3 b5 31. Rh4 f6 32. Qa5 c5 33. Qd2 g5 34. Rh5 Qf7 35. g4 Kg7 36. Rd7 Re7 37. Rxe7 Qxe7 38. Qd3 Kh8 39. Bc3 Kg8 40. Bxf6 Qxf6 41. Qxh7+ 1-0

[Event "Faxe Eftermiddag-A"]
[Site "Faxe"]
[Date "2014.10.08"]
[Round "4"]
[White "Nielsen, Kurt Sogaard"]
[Black "Petersen, Bent Wester"]
[Result "1-0"]
[WhiteElo "1621"]
[BlackElo "1805"]
[PlyCount "107"]
[EventDate "2014.09.17"]
[EventType "tourn"]
[EventRounds "5"]
[EventCountry "DEN"]
[SourceTitle "EXT 2023"]
[Source "ChessBase"]
[SourceDate "2022.10.05"]
[SourceVersion "1"]
[SourceVersionDate "2022.10.05"]
[SourceQuality "1"]

1. d4 Nf6 2. c4 d5 3. Nc3 c6 4. e3 e6 5. Nf3 Be7 6. Bd3 0-0 7. 0-0 Re8 8. Ne5 Nbd7 9. f4 Nf8 10. b3 c5 11. Kh1 b6 12. cxd5 exd5 13. Bb5 Bd7 14. Nc6 Qc7 15. Nxe7+ Rxe7 16. Bxd7 Qxd7 17. dxc5 bxc5 18. Qf3 Rae8 19. Rd1 d4 20. h3 Ng6 21. exd4 Re1+ 22. Kh2 cxd4 23. Qf2 Rxd1 24. Nxd1 Ne4 25. Qf3 Qd6 26. Nb2 Nc3 27. Nd3 Nh4 28. Qf2 Qf6 29. Bd2 h6 30. Re1 Rxe1 31. Qxe1 Qg6 32. Qg3 Qxg3+ 33. Kxg3 Nf5+ 34. Kf3 Nh4+ 35. Kg3 Ng6 36. Bxc3 dxc3 37. f5 Ne7 38. Kf4 c2 39. Ke3 Nxf5+ 40. Kd2 h5 41. Nb4 c1Q+ 42. Kxc1 Ne3 43. Nc6 a6 44. g3 Nd5 45. Kd2 Kf8 46. Kd3 Ke8 47. Kd4 Nc7 48. a4 f6 49. Kc5 g5 50. Kd6 Na8 51. Ke6 h4 52. gxh4 gxh4 53. Kxf6 Kd7 54. Nb8+ 1-0

[Event "Damhus-ch C"]
[Site "Rodovre"]
[Date "2011.09.06"]
[Round "1"]
[White "Hviid, Jens1111"]
[Black "Nielsen, Kurt Sogaard"]
[Result "0-1"]
[WhiteElo "1409"]
[BlackElo "1489"]
[PlyCount "59"]
[EventDate "2011.09.06"]
[EventType "tourn"]
[EventRounds "7"]
[EventCountry "DEN"]
[SourceTitle "EXT 2023"]
[Source "ChessBase"]
[SourceDate "2022.10.05"]
[SourceVersion "1"]
[SourceVersionDate "2022.10.05"]
[SourceQuality "1"]

1. c4 e5 2. Nc3 Nf6 3. g3 c6 4. Bg2 d6 5. e3 Be6 6. b3 Be7 7. Nge2 0-0 8. 0-0 Qd7 9. f4 exf4 10. Nxf4 d5 11. Nxe6 fxe6 12. Qe2 Qd6 13. d4 b6 14. Bb2 Nbd7 15. cxd5 exd5 16. e4 dxe4 17. Nxe4 Nxe4 18. Bxe4 Nf6 19. Bxc6 Qxc6 20. Qxe7 Rae8 21. Qb4 Re2 22. Rf2 Rxf2 23. Kxf2 Nd5+ 24. Qxf8+ Kxf8 25. Ba3+ Kf7 26. Kg1 Qc2 27. Rf1+ Kg6 28. Rf2 Qd1+ 29. Kg2 Ne3+ 30. Kh3 0-1

[Event "Roskilde 100 years"]
[Site "Roskilde"]
[Date "2008.10.14"]
[Round "5"]
[White "Nielsen, Kurt Sogaard"]
[Black "Wadtland, Flemming"]
[Result "1-0"]
[WhiteElo "1612"]
[BlackElo "1137"]
[PlyCount "67"]
[EventDate "2008.10.11"]
[EventType "swiss"]
[EventRounds "9"]
[EventCountry "DEN"]
[SourceTitle "EXT 2018"]
[Source "ChessBase"]
[SourceDate "2017.10.13"]
[SourceVersion "1"]
[SourceVersionDate "2017.10.13"]
[SourceQuality "1"]

1. d4 Nf6 2. c4 Nc6 3. Nf3 d6 4. Nc3 g6 5. e4 Bg7 6. d5 Ne5 7. Nxe5 dxe5 8. Be2 0-0 9. 0-0 b6 10. b3 a6 11. Ba3 Nd7 12. Qc2 a5 13. Rad1 f5 14. exf5 Rxf5 15. Bg4 Rf8 16. Be6+ Kh8 17. Ne4 Nf6 18. Ng5 Qe8 19. Bxc8 Rxc8 20. Ne6 Rf7 21. Rfe1 Nd7 22. Re3 Bf6 23. Rh3 Nf8 24. Nxf8 Rxf8 25. Qe4 Bg7 26. Qh4 h6 27. Qxe7 Qxe7 28. Bxe7 Rf4 29. Bg5 Rd4 30. Rxd4 exd4 31. Bxh6 Kg8 32. Bxg7 Kxg7 33. Rd3 Re8 34. Kf1 1-0

[Event "Roskilde 100 years"]
[Site "Roskilde"]
[Date "2008.10.12"]
[Round "2"]
[White "Kristensen, Steffen Michael"]
[Black "Nielsen, Kurt Sogaard"]
[Result "0-1"]
[WhiteElo "1195"]
[BlackElo "1612"]
[PlyCount "70"]
[EventDate "2008.10.11"]
[EventType "swiss"]
[EventRounds "9"]
[EventCountry "DEN"]
[SourceTitle "EXT 2018"]
[Source "ChessBase"]
[SourceDate "2017.10.13"]
[SourceVersion "1"]
[SourceVersionDate "2017.10.13"]
[SourceQuality "1"]

1. Nf3 Nf6 2. d4 d5 3. Bf4 e6 4. e3 Nbd7 5. Bd3 c5 6. dxc5 Bxc5 7. 0-0 0-0 8. Nbd2 Re8 9. e4 e5 10. Bg5 d4 11. a3 h6 12. Bxf6 Nxf6 13. h3 a6 14. b4 Bd6 15. Nc4 b5 16. Nxd6 Qxd6 17. a4 bxa4 18. Rxa4 Bb7 19. Qe2 Reb8 20. Re1 Nd7 21. Nh4 g6 22. Qd2 Kg7 23. b5 Nc5 24. Ra3 axb5 25. Rxa8 Bxa8 26. Bxb5 Nxe4 27. Qd3 Nc5 28. Qg3 Ne4 29. Qd3 Nc5 30. Qg3 Ne4 31. Qg4 Qf6 32. f3 Nc3 33. Bd3 Bd5 34. Nxg6 Be6 35. Qg3 fxg6 0-1

[Event "Koge Bugt B"]
[Site "Solrod"]
[Date "1999.09.07"]
[Round "3"]
[White "Nielsen, Kurt Sogaard"]
[Black "Hansen, Freddie"]
[Result "0-1"]
[WhiteElo "1520"]
[BlackElo "1754"]
[PlyCount "58"]
[EventDate "1999.08.24"]
[EventType "tourn"]
[EventRounds "7"]
[EventCountry "DEN"]
[SourceTitle "EXT 2023"]
[Source "ChessBase"]
[SourceDate "2022.10.05"]
[SourceVersion "1"]
[SourceVersionDate "2022.10.05"]
[SourceQuality "1"]

1. e4 e5 2. Nf3 Nc6 3. Bc4 Nf6 4. Nc3 Nxe4 5. Bxf7+ Kxf7 6. Nxe4 d5 7. Ng3 Be7 8. d4 e4 9. Ng1 Rf8 10. c3 Kg8 11. N1e2 Bg5 12. Be3 Bxe3 13. fxe3 Ne7 14. Nf4 Nf5 15. Nxf5 Rxf5 16. h3 Rf7 17. Qh5 c6 18. 0-0-0 b5 19. a3 a5 20. b4 axb4 21. axb4 Rfa7 22. Kb2 Ra2+ 23. Kb1 Ra1+ 24. Kb2 R8a2+ 25. Kb3 Ra3+ 26. Kb2 R1a2+ 27. Kb1 Bd7 28. Kc1 Qa8 29. Ne2 Qa4 0-1